| 000 | 00723cam a22002651 4500 | ||
|---|---|---|---|
| 999 |
_c528420 _d528420 |
||
| 001 | 8899302 | ||
| 003 | NUST | ||
| 005 | 20190912053530.0 | ||
| 008 | 750408s1960 xx 000 0 eng | ||
| 010 | _a 61002026 | ||
| 035 | _a(OCoLC)1262334 | ||
| 038 | _aMSOHAIL | ||
| 040 |
_aDLC _cTxArU _dDLC |
||
| 042 | _apremarc | ||
| 050 | 0 | 0 |
_aQA300 _b.P5 1960 |
| 082 |
_a517 _bPHI |
||
| 100 | 1 |
_aPhillips, E. G. _q(Edgar Giraldus) _920209 |
|
| 245 | 0 | 2 | _aA course of analysis. |
| 250 | _a[Students' ed.] | ||
| 260 |
_aCambridge [Eng.] _bUniversity Press, _c1962. |
||
| 300 |
_a372 p. _billus. _c22 cm. |
||
| 650 | 0 |
_aMathematical analysis. _9198 |
|
| 906 |
_a7 _bcbc _coclcrpl _du _encip _f19 _gy-gencatlg |
||
| 942 |
_2ddc _cBK |
||